Island Nations Between 1 and 10 Million Quiz Stats

 Plays Quiz not verified by Sporcle

Also try: 'New' Places
Challenge
Share
Tweet
Embed
Score 0/10 Timer 02:00
0 Plays Today
Island Nation % Correct
Jamaica
93.2%
Ireland
91.3%
New Zealand
84.8%
Cyprus
84.8%
Singapore
82.6%
Trinidad Tobago
73.9%
Papua New Guinea
71.7%
Mauritius
67.4%
Timor Leste
67.4%
Bahrain
63%

You're not logged in!

Compare scores with friends on all Sporcle quizzes.
OR
Log In

You Might Also Like...

Show Comments

Extras

Top Quizzes Today


Score Distribution

Your Account Isn't Verified!

In order to create a playlist on Sporcle, you need to verify the email address you used during registration. Go to your Sporcle Settings to finish the process.

Report this User

Report this user for behavior that violates our Community Guidelines.

Details: